Estadios de primera y segunda división - Estadísticas

Estadísticas generales
  • Esta prueba ha sido intentada 467 veces
  • La puntuación promedio es 28 de 41
Estadísticas de respuestas
Ciudad Capacidad Estadio % Correcto
Madrid 85.454 Santiago Bernabéu
100%
Madrid 70.460 Cívitas Metropolitano
97%
Valencia 52.600 Mestalla
94%
Sevilla 45.500 Ramón Sánchez-Pizjuán
93%
Bilbao 53.332 San Mamés
93%
Sevilla 60.721 Benito Villamarín
92%
San Sebastián 32.076 Reale Arena
83%
Villarreal 22.000 Estadio de la Cerámica
82%
Vigo 31.800 Abanca-Balaídos
79%
Pamplona 23.516 El Sadar
79%
Zaragoza 34.596 La Romareda
79%
Getafe 17.393 Coliseum
77%
Gijón 25.885 El Molinón-Enrique Castro Quini
77%
Santander 22.251 Campos de Sport de El Sardinero
76%
Granada 23.156 Nuevo Los Cármenes
75%
Valladolid 26.512 José Zorrilla
74%
Palma de Mallorca 23.142 Estadi Mallorca Son Moix
73%
Leganés 12.000 Estadio Municipal de Butarque
73%
Cornellà de Llobregat 40.000 Stage Front Stadium
72%
Oviedo 33.002 Estadio Carlos Tartiere
71%
Álava 19.200 Mendizorroza
71%
Girona 10.000 Montilivi
71%
Valencia 26.354 Ciutat de València
69%
Madrid 14.708 Estadio de Vallecas
67%
Elche 36.017 Estadio Martínez Valero
67%
Eibar 5.250 Ipurua
67%
Las Palmas 32.500 Gran Canaria
66%
Cádiz 19.500 Nuevo Mirandilla
66%
Barcelona 56.000 Estadi Olímpic Lluís Companys
64%
Cartagena 14.712 Cartagonova
62%
Huesca 8.000 El Alcoraz
55%
Almería 15.200 Power Horse Stadium
54%
Burgos 12.200 El Plantío
51%
Santa Cruz De Tenerife 24.000 Heliodoro Rodríguez López
51%
Albacete 17.000 Carlos Belmonte
48%
Lezama 3.250 Instalaciones de Lezama
48%
Ferrol 12.043 A Malata
45%
Miranda de Ebro 6.900 Anduva
43%
Alcorcón 5.607 Santo Domingo
38%
Elda 8.000 Nuevo Pepico Amat
35%
Andorra la Vella 3.306 Estadi Nacional d'Andorra
29%
No se encontraron pruebas coincidentes
Distribución de puntuación
Porcentaje de gente con cada puntuación
Porcentaje por número respondido
Historial de tus puntuaciones
No has intentado esta prueba.